Ultimate American Dad Trivia - Statistics

General Stats
  • This quiz has been taken 550 times
  • The average score is 27 of 48
Answer Stats
Hint Answer % Correct
The Smiths Stan
96%
Steve
95%
Francine
94%
Roger
92%
Snot
92%
Hayley
89%
Who is Hayley's husband? Jeff Fischer
88%
Toshi
88%
What country was Klaus originally from? Germany
85%
Steve's bestfriends Barry
84%
Heissler Klaus
83%
Deputy Director for the CIA Avery
78%
What part of Roger's costumes does he love/collect the most? Wigs
74%
Where do the Smith's live? Langley Falls
73%
Principal Lewis
73%
Steve and Rogers detective personas Wheels and the Legman
71%
Before he was sent into space, Jeff lived in a? Van
67%
Who was Roger's "worst persona"? Ricky Spanish
65%
Francine believes people who are ____ ______ are the "devil's minions" Left Handed
63%
In the episode Rubbernecks, what did Klaus and Roger spill on the couch? Wine
62%
In Season 2, what celebrity did Francine set out to kill? George Clooney
58%
In the episode Rapture's Delight, who does Francine leave Stan for? Jesus
58%
Koala who works for the CIA Reginald
57%
Who is the voice of Avery Bullock? Patrick Stewart
56%
Instead of a party at the bowling alley, what did Roger want for his birthday? Comedy Roast
52%
Roger's 'Chex LeMeneux' persona was part of the US Olympic Team for which sport? Hockey
51%
^ and Steve had to give up Crying
50%
Francine's sister Gwen
50%
In the episode Finger Lenting Good, what did Francine have to give up for lent? Smoking
50%
What school does Steve attend? Pearl Bailey
48%
In the episode Hot Water, which celebrity singer voiced the Hot Tub? CeeLo Green
47%
Toshi's sister Akiko
44%
While in space, who does Jeff befriend? Sinbad
44%
Which US President visited the Smith's House? George W Bush
43%
Mistaken for a summer boot camp, where does Stan send Steve? Camp Refoogee
41%
What is Hayley's middle name? Dreamsmasher
40%
After Hayley attends a music concert, what band does Stan become obsessed with? My Morning Jacket
40%
What college does Hayley attend? Groff
37%
Roger becomes dictator of which island? Isla
32%
Which one of Roger's personas takes on a life of its own? Sidney Huffman
31%
What was the name of Stan's childhood bully? Stelio Kontos
29%
In the episode Passing the Bar, what catchphrase does Roger use to promote Roger's Spot? Dive on In
28%
Which one of Roger's personas begins dating Snot? Jenny Fromdablock
28%
Who is Greg's father? Tank Bates
20%
While Jeff is in space, who does Hayley start dating? Millionaire Matt Davis
14%
What is Snot's real name? Schmuely
11%
Other than Stan, who else could potentially be Hayley's father? Joel Larson
8%
Who was Stan's CIA boot camp crush? Scarlett Reynolds
6%
No matching quizzes found
Score Distribution
Percent of People with Each Score
Percentile by Number Answered
Your Score History
You have not taken this quiz